• 首页
  • 本馆介绍
  • 公告通知
  • 最新文献
  • 馆藏检索
  • 电子资源
  • 读者导购
  • 参考咨询
  • 我的图书馆
  • 登录
  • 详细信息显示
  • 放入我的书架
  • 预约/预借图书
  • 作者相关作品
  • 分类相关作品
  • 丛书相关作品
  • 出版社相关作品

书目信息

  • 表格格式
  • 工作单格式
  • 卡片格式
题名:
工业电子学普通教程
    
 
作者: 卡加诺夫 著 ;吴存亚 译
分册: 下册  
出版信息: 北京   高等教育出版社  1965
页数:
开本:
丛书名:
单 册:
中图分类: O46
科图分类:
主题词: 真空电子学 , 电子物理学
电子资源:
ISBN:
000 00631nam0 2200205 450
001 0635940098
005 20060424155639.01
010    @dCNY0.70
100    @a20060410d1965 km y0chiy0120 ea
101 0  @achi
102    @aCN@b110000
200 1  @a工业电子学普通教程@Agong ye dian zi xue pu tong jiao cheng@h下册@f(苏)伊·利·卡加诺夫著@F(su)yi·li·ka jia nuo fu zhu@g吴存亚译@Gwu cun ya yi
210    @a北京@c高等教育出版社@d1965
606 0  @a真空电子学
606 0  @a电子物理学
690    @aO46@v4
701  0 @a卡加诺夫@Aka jia nuo fu@4著
702  0 @a吴存亚@Awu cun ya@4译
801  0 @aCN@bPFT@c20060424
905    @a10447@dO46@e2:2
    
    工业电子学普通教程.下册/(苏)伊·利·卡加诺夫著/吴存亚译.-北京:高等教育出版社,1965
    
    
    
    ISBN :CNY0.70
    
●
相关链接 在E读中查询图书 在五车中查询图书 在当当中查询图书 在豆瓣中查询图书


正题名:工业电子学普通教程     索取号:O46/2:2         预约/预借

序号 登录号 条形码 馆藏地/架位号 状态 备注
1 0010110   202285623   密集书库/ [索取号:O46/2:2] 在馆    
2 0010111   202230530   密集书库/ [索取号:O46/2:2] 在馆    
唐山师范学院图书馆 欢迎您!
大连网信软件有限公司© 版权所有